Mercado persa
Guardat en:
| Autors principals: | , |
|---|---|
| Format: | Llibre |
| Idioma: | espanyol |
| Publicat: |
Viña del Mar
Ediciones del Café
1991
|
| Matèries: | |
| Etiquetes: |
Afegir etiqueta
Sense etiquetes, Sigues el primer a etiquetar aquest registre!
|
MARC
| LEADER | 00000nam a2200000 a 4500 | ||
|---|---|---|---|
| 001 | UCT8500 | ||
| 003 | CL-VaPUC | ||
| 008 | 970326e19910000CL |||||||||||||||||spa|d | ||
| 082 | 0 | 4 | |a Ch861 |b HIL |2 21 |
| 100 | 0 | |a Hilzerman Troncoso, Moisés |e author |9 380241 | |
| 700 | 0 | |a Mischa |e author |9 380242 | |
| 245 | 1 | 0 | |a Mercado persa |
| 300 | |a 40 p | ||
| 942 | |c BK | ||
| 945 | |d 19970326 00:00:00 |a rleighto | ||
| 260 | |a Viña del Mar |b Ediciones del Café |c 1991 | ||
| 650 | 0 | |a Poesías chilenas |9 265280 | |
| 583 | |a last modification |c 19970326 00:00:00 |k Rodrigo Vera | ||
| 999 | |c 256993 |d 256991 | ||
| 952 | |0 0 |1 0 |4 0 |6 CH_861_000000000000000_HIL_1991 |7 0 |8 A |9 280197 |a BIBEDU |b BIBEDU |d 2019-11-19 |i 3293920 |o Ch861 HIL 1991 |p 3293920 |r 2019-11-19 |w 2019-11-19 |y BK |k EDU | ||